Ku kritike politickej ekonomie
Saved in:
| Main Author: | |
|---|---|
| Format: | Book |
| Language: | Slovak |
| Published: |
Bratislava
Pravda
1952
|
| Tags: |
No Tags, Be the first to tag this record!
|
MARC
| LEADER | 00000nam a2200000 4500 | ||
|---|---|---|---|
| 001 | c123450 | ||
| 005 | 20060817091159.5 | ||
| 041 | 0 | |a slo | |
| 044 | |a SK | ||
| 245 | 1 | 0 | |a Ku kritike politickej ekonomie |c Karol Marx |
| 264 | 1 | |a Bratislava |b Pravda |c 1952 | |
| 100 | 1 | |a Marx, Karl | |